000 00459nam a2200133Ia 4500
008 151001s9999||||xx |||||||||||||| ||und||
100 _aमहावीरप्रसाद द्विवेदी
245 _aमहावीर प्रसाद व्दिवेदी रचना संचयन
250 _a1
260 _bसाहित्य संकुल गुजरात
260 _c2006
300 _a558
365 _b21
999 _c989303
_d989300